Gaming Quiz

Random Gaming or Nintendo Quiz
Score 0/27 Timer 04:00
1 Play Today
Leader Pokemon % Correct
BrockGeodude
98.8%
BrockOnix
98.3%
MistyStarmie
96.3%
MistyStaryu
96.2%
Lt. SurgeRaichu
96.1%
SabrinaAlakazam
90.1%
Lt. SurgeVoltorb
89.9%
SabrinaKadabra
89.9%
Lt. SurgePikachu
88.2%
ErikaVileplume
86.5%
BlaineArcanine
82.9%
GiovanniNidoking
82.8%
GiovanniNidoqueen
81.9%
BlaineRapidash
80.3%
Leader Pokemon % Correct
SabrinaVenomoth
80%
GiovanniRhydon
77.6%
KogaWeezing
77.2%
ErikaVictreebel
75.5%
BlainePonyta
75.1%
KogaKoffing
75%
KogaKoffing
75%
KogaMuk
74.9%
BlaineGrowlithe
74.7%
GiovanniRhyhorn
71.4%
ErikaTangela
70.9%
SabrinaMr. Mime
67.8%
GiovanniDugtrio
65%

You're not logged in!

Compare scores with friends on all Sporcle quizzes.
OR
Log In

Sporcle TV

Today on Sporcle TV


Watch our educational content, quiz creation guides, and fun videos on Sporcle TV.

Show Comments

Extras

Top Quizzes Today


Score Distribution

Paid Content

Your Account Isn't Verified!

In order to create a playlist on Sporcle, you need to verify the email address you used during registration. Go to your Sporcle Settings to finish the process.

Report this User

Report this user for behavior that violates our Community Guidelines.

Details: